| 000 | 00529nam a2200205Ia 4500 | ||
|---|---|---|---|
| 003 | OSt | ||
| 005 | 20231107162025.0 | ||
| 008 | 210210b2010 xxu||||| |||| 00| 0 eng d | ||
| 020 | _a9788121920506 | ||
| 040 | _cAL | ||
| 041 | _aeng | ||
| 082 | _a547 MADO | ||
| 100 |
_aMADAN (R L) _9141088 |
||
| 245 | _aOrganic chemistry: for BSc students as per UGC model curriculum | ||
| 260 |
_aNew Delhi _bS. Chand & Co. Ltd. _c2010 |
||
| 300 | _ax-1149 | ||
| 690 |
_aOrganic Chemistry _9141099 |
||
| 906 | _a065767 | ||
| 942 |
_2ddc _cBK |
||
| 999 |
_c146494 _d146494 |
||